[Event "Campeonato España Sub 12"]
[Site "Salobreña"]
[Date "2017.07.13"]
[Round "6"]
[White "Lorente Serrano, Rosa Adela"]
[Black "Fernandez Lopez, Ruben"]
[Result "0-1"]
[Board "4"]
[WhiteClock "1:30"]
[WhiteElo "1596"]
[WhiteCountry "ESP"]
[WhiteFideId "32091982"]
[WhiteEloChange "-2"]
[BlackClock "1:30"]
[BlackElo "1982"]
[BlackCountry "ESP"]
[BlackFideId "24518298"]
[BlackEloChange "2"]

1. b3 {[%clk 1:30:00]} Nf6 {[%clk 1:30:00]} 2. Bb2 {[%clk 1:30:00]} d6 {[%clk
1:31:00]} 3. c4 {[%clk 1:29:00]} g6 {[%clk 1:30:00]} 4. e3 {[%clk 1:27:00]} Bg7
{[%clk 1:31:00]} 5. Nf3 {[%clk 1:25:00]} O-O {[%clk 1:30:00]} 6. Be2 {[%clk
1:24:00]} Nbd7 {[%clk 1:31:00]} 7. O-O {[%clk 1:21:00]} e5 {[%clk 1:29:00]} 8. d3
{[%clk 1:19:00]} Re8 {[%clk 1:28:00]} 9. Nbd2 {[%clk 1:15:00]} c6 {[%clk
1:26:00]} 10. Qc2 {[%clk 1:13:00]} Nf8 {[%clk 1:24:00]} 11. Rfd1 {[%clk 1:07:00]}
Qc7 {[%clk 1:19:00]} 12. Ne4 {[%clk 1:03:00]} N6d7 {[%clk 1:06:00]} 13. b4 {[%clk
0:51:00]} f5 {[%clk 1:06:00]} 14. Nc3 {[%clk 0:51:00]} h6 {[%clk 1:02:00]} 15.
Rac1 {[%clk 0:50:00]} g5 {[%clk 0:59:00]} 16. a4 {[%clk 0:40:00]} Nf6 {[%clk
0:58:00]} 17. d4 {[%clk 0:34:00]} e4 {[%clk 0:58:00]} 18. Ne1 {[%clk 0:34:00]}
Ng6 {[%clk 0:57:00]} 19. d5 {[%clk 0:31:00]} f4 {[%clk 0:48:00]} 20. dxc6 {[%clk
0:29:00]} bxc6 {[%clk 0:48:00]} 21. c5 {[%clk 0:22:00]} dxc5 {[%clk 0:48:00]} 22.
bxc5 {[%clk 0:22:00]} Bf5 {[%clk 0:45:00]} 23. Rd6 {[%clk 0:20:00]} Nh4 {[%clk
0:43:00]} 24. Nb5 {[%clk 0:17:17]} cxb5 {[%clk 0:43:00]} 25. Bxf6 {[%clk
0:17:43]} Bf8 {[%clk 0:29:00]} 26. Qb3+ {[%clk 0:15:48]} Qf7 {[%clk 0:28:00]} 27.
Qxf7+ {[%clk 0:14:50]} Kxf7 {[%clk 0:28:00]} 28. Rc6 {[%clk 0:15:20]} Rac8 {[%clk
0:28:00]} 29. Rxc8 {[%clk 0:13:09]} Rxc8 {[%clk 0:28:00]} 30. Bd4 {[%clk
0:14:09]} bxa4 {[%clk 0:29:00]} 31. exf4 {[%clk 0:13:26]} gxf4 {[%clk 0:29:00]}
32. c6 {[%clk 0:13:26]} Ba3 {[%clk 0:28:00]} 33. Ra1 {[%clk 0:10:51]} Bb4 {[%clk
0:29:00]} 34. Nc2 {[%clk 0:10:50]} Bd6 {[%clk 0:29:00]} 35. Bb5 {[%clk 0:08:54]}
Rg8 {[%clk 0:29:00]} 36. Bc4+ {[%clk 0:06:06]} Be6 {[%clk 0:30:00]} 37. Bxe6+
{[%clk 0:06:30]} Kxe6 {[%clk 0:30:00]} 38. g3 {[%clk 0:06:42]} a3 {[%clk
0:31:00]} 39. Bxa7 {[%clk 0:05:56]} Nf3+ {[%clk 0:30:00]} 40. Kh1 {[%clk
0:05:57]} Ra8 {[%clk 0:30:00]} 41. Bb6 {[%clk 0:05:10]} Ra6 {[%clk 0:30:00]} 42.
c7 {[%clk 0:05:12]} Kd7 {[%clk 0:30:00]} 43. Bd4 {[%clk 0:02:53]} Nxd4 {[%clk
0:29:00]} 44. Nxd4 {[%clk 0:03:19]} Bxc7 {[%clk 0:30:00]} 45. Nb5 {[%clk
0:02:46]} fxg3 {[%clk 0:29:00]} 46. hxg3 {[%clk 0:00:48]} Bd6 {[%clk 0:29:00]}
47. Kg2 {[%clk 0:01:13]} Ra5 {[%clk 0:29:00]} 48. Nxd6 {[%clk 0:01:15]} Kxd6
{[%clk 0:30:00]} 49. Kf1 {[%clk 0:01:28]} Ke5 {[%clk 0:30:00]} 50. Ke2 {[%clk
0:01:45]} a2 {[%clk 0:31:00]} 51. Kd2 {[%clk 0:00:34]} Ra3 {[%clk 0:31:00]} 52.
Kc2 {[%clk 0:00:56]} Rf3 {[%clk 0:31:00]} 53. Rf1 {[%clk 0:01:00]} Rxf2+ {[%clk
0:32:00]} 54. Rxf2 {[%clk 0:01:26]} a1Q {[%clk 0:32:00]} 55. Kd2 {[%clk 0:01:21]}
Qb2+ {[%clk 0:33:00]} 56. Ke3 {[%clk 0:01:41]} Qd4+ {[%clk 0:33:00]} 57. Ke2
{[%clk 0:02:05]} Qd3+ {[%clk 0:33:00]} 58. Ke1 {[%clk 0:02:31]} e3 {[%clk
0:33:00]} 0-1

[Event "Campeonato España Sub 12"]
[Site "Salobreña"]
[Date "2017.07.13"]
[Round "6"]
[White "Vara Soler, Luis"]
[Black "Travesset Sagre, Jan"]
[Result "1/2-1/2"]
[Board "5"]
[WhiteClock "1:30"]
[WhiteElo "1489"]
[WhiteCountry "ESP"]
[WhiteFideId "24560936"]
[WhiteEloChange "7"]
[BlackClock "1:30"]
[BlackElo "1792"]
[BlackCountry "ESP"]
[BlackFideId "24538701"]
[BlackEloChange "-7"]

1. e4 {[%clk 1:30:00]} g6 {[%clk 1:30:00]} 2. d4 {[%clk 1:31:00]} c6 {[%clk
1:31:00]} 3. Nc3 {[%clk 1:31:00]} d5 {[%clk 1:31:00]} 4. Nf3 {[%clk 1:32:00]} Bg7
{[%clk 1:31:00]} 5. h3 {[%clk 1:32:00]} dxe4 {[%clk 1:30:00]} 6. Nxe4 {[%clk
1:32:00]} Nf6 {[%clk 1:31:00]} 7. Nxf6+ {[%clk 1:32:00]} exf6 {[%clk 1:31:00]} 8.
Bc4 {[%clk 1:32:00]} O-O {[%clk 1:30:00]} 9. O-O {[%clk 1:31:00]} Nd7 {[%clk
1:29:00]} 10. c3 {[%clk 1:28:00]} Nb6 {[%clk 1:29:00]} 11. Bb3 {[%clk 1:28:00]}
a5 {[%clk 1:28:00]} 12. a4 {[%clk 1:25:00]} Re8 {[%clk 1:17:00]} 13. Bf4 {[%clk
1:22:00]} Bf5 {[%clk 1:08:00]} 14. Re1 {[%clk 0:56:00]} Qd7 {[%clk 1:03:00]} 15.
Qd2 {[%clk 0:54:00]} Nd5 {[%clk 0:59:00]} 16. Bg3 {[%clk 0:53:00]} Be6 {[%clk
0:49:00]} 17. Rad1 {[%clk 0:38:00]} Rad8 {[%clk 0:37:00]} 18. c4 {[%clk 0:21:00]}
Nb4 {[%clk 0:38:00]} 19. d5 {[%clk 0:21:00]} Bf5 {[%clk 0:34:00]} 20. Rxe8+
{[%clk 0:19:39]} Rxe8 {[%clk 0:33:00]} 21. d6 {[%clk 0:14:14]} c5 {[%clk
0:32:00]} 22. Re1 {[%clk 0:13:31]} Be6 {[%clk 0:32:00]} 23. Bc2 {[%clk 0:09:35]}
b6 {[%clk 0:28:00]} 24. b3 {[%clk 0:07:29]} Rd8 {[%clk 0:26:00]} 25. Rd1 {[%clk
0:06:40]} Bf8 {[%clk 0:24:00]} 26. Bb1 {[%clk 0:06:35]} Bg7 {[%clk 0:23:00]} 27.
Re1 {[%clk 0:06:41]} Nc6 {[%clk 0:22:00]} 28. Be4 {[%clk 0:05:48]} Nb4 {[%clk
0:20:00]} 29. Bb1 {[%clk 0:06:09]} Bf8 {[%clk 0:19:48]} 30. Rd1 {[%clk 0:06:31]}
Nc6 {[%clk 0:19:04]} 31. Be4 {[%clk 0:06:31]} Na7 {[%clk 0:13:01]} 32. Bh4 {[%clk
0:04:59]} Bg7 {[%clk 0:13:16]} 33. Bg3 {[%clk 0:05:16]} 1/2-1/2

[Event "Campeonato España Sub 12"]
[Site "Salobreña"]
[Date "2017.07.13"]
[Round "6"]
[White "Moll Gener, Joan"]
[Black "Fernandez Estremera, Fernando"]
[Result "1-0"]
[Board "6"]
[WhiteClock "1:30"]
[WhiteElo "1593"]
[WhiteCountry "ESP"]
[WhiteFideId "24505960"]
[WhiteEloChange "16"]
[BlackClock "1:30"]
[BlackElo "1809"]
[BlackCountry "ESP"]
[BlackFideId "24520152"]
[BlackEloChange "-16"]

1. e4 {[%clk 1:30:00]} c6 {[%clk 1:30:00]} 2. d4 {[%clk 1:31:00]} d5 {[%clk
1:31:00]} 3. e5 {[%clk 1:31:00]} Bf5 {[%clk 1:31:00]} 4. h4 {[%clk 1:31:00]} h6
{[%clk 1:30:00]} 5. g4 {[%clk 1:31:00]} Be4 {[%clk 1:24:00]} 6. f3 {[%clk
1:31:00]} Bh7 {[%clk 1:24:00]} 7. e6 {[%clk 1:28:00]} fxe6 {[%clk 1:17:00]} 8.
Bd3 {[%clk 1:28:00]} Qd6 {[%clk 1:04:00]} 9. f4 {[%clk 1:17:00]} Nf6 {[%clk
0:55:00]} 10. Bxh7 {[%clk 1:14:00]} Rxh7 {[%clk 0:41:00]} 11. Qd3 {[%clk
1:13:00]} Ne4 {[%clk 0:37:00]} 12. Nf3 {[%clk 1:13:00]} Na6 {[%clk 0:31:00]} 13.
a3 {[%clk 1:12:00]} c5 {[%clk 0:20:00]} 14. Ne5 {[%clk 1:11:00]} c4 {[%clk
0:16:50]} 15. Nxc4 {[%clk 1:10:00]} Qc7 {[%clk 0:15:36]} 16. Ne5 {[%clk 1:10:00]}
O-O-O {[%clk 0:13:10]} 17. Nd2 {[%clk 1:07:00]} Qa5 {[%clk 0:11:17]} 18. Nc4
{[%clk 0:55:00]} dxc4 {[%clk 0:10:58]} 19. Qxe4 {[%clk 0:55:00]} Qd5 {[%clk
0:10:43]} 20. c3 {[%clk 0:54:00]} Nc7 {[%clk 0:05:39]} 21. Rh3 {[%clk 0:50:00]}
Qxe4+ {[%clk 0:05:37]} 22. Nxe4 {[%clk 0:51:00]} g6 {[%clk 0:03:37]} 23. Re3
{[%clk 0:50:00]} Rf7 {[%clk 0:02:59]} 24. Re2 {[%clk 0:49:00]} Bg7 {[%clk
0:02:55]} 25. Bd2 {[%clk 0:46:00]} Rdf8 {[%clk 0:02:22]} 26. Nc5 {[%clk 0:45:00]}
g5 {[%clk 0:01:59]} 27. Nxe6 {[%clk 0:44:00]} Nxe6 {[%clk 0:02:11]} 28. Rxe6
{[%clk 0:44:00]} gxf4 {[%clk 0:02:29]} 29. O-O-O {[%clk 0:44:00]} Kd7 {[%clk
0:01:56]} 30. Re2 {[%clk 0:43:00]} f3 {[%clk 0:01:52]} 31. Rf2 {[%clk 0:43:00]}
Kc6 {[%clk 0:01:40]} 32. Be3 {[%clk 0:42:00]} e5 {[%clk 0:01:22]} 33. dxe5 {[%clk
0:31:00]} Bxe5 {[%clk 0:01:46]} 34. Bxh6 {[%clk 0:30:00]} Bg3 {[%clk 0:01:56]}
35. Rff1 {[%clk 0:27:00]} Re8 {[%clk 0:02:12]} 36. h5 {[%clk 0:24:00]} f2 {[%clk
0:01:20]} 37. Bd2 {[%clk 0:24:00]} Rg8 {[%clk 0:00:48]} 38. g5 {[%clk 0:24:00]}
Bf4 {[%clk 0:00:33]} 39. Bxf4 {[%clk 0:24:00]} Rxf4 {[%clk 0:00:59]} 40. g6
{[%clk 0:24:00]} Rf6 {[%clk 0:01:06]} 41. Rd2 {[%clk 0:24:00]} Rf5 {[%clk
0:01:09]} 42. Rdxf2 {[%clk 0:23:00]} Rxh5 {[%clk 0:01:33]} 43. Rg2 {[%clk
0:23:00]} Rh6 {[%clk 0:01:37]} 44. g7 {[%clk 0:23:00]} Rh7 {[%clk 0:01:57]} 45.
Rfg1 {[%clk 0:23:00]} Kd6 {[%clk 0:02:18]} 46. Kd2 {[%clk 0:23:00]} Kd5 {[%clk
0:02:26]} 47. Ke3 {[%clk 0:22:00]} Rh3+ {[%clk 0:01:52]} 48. Rg3 {[%clk 0:22:00]}
Rh4 {[%clk 0:02:00]} 49. Rg5+ {[%clk 0:22:00]} Kc6 {[%clk 0:01:58]} 50. R1g4
{[%clk 0:21:00]} Rh3+ {[%clk 0:02:03]} 51. Kd4 {[%clk 0:21:00]} b5 {[%clk
0:02:10]} 52. Rg6+ {[%clk 0:21:00]} Kb7 {[%clk 0:02:21]} 53. Rf6 {[%clk 0:20:00]}
Rd3+ {[%clk 0:02:30]} 54. Kc5 {[%clk 0:18:31]} Rd7 {[%clk 0:02:48]} 55. Kxb5
{[%clk 0:18:04]} Rgxg7 {[%clk 0:02:50]} 56. Rxg7 {[%clk 0:02:50]} Rxg7 {[%clk
0:03:17]} 57. Kxc4 {[%clk 0:18:23]} Rc7+ {[%clk 0:03:26]} 58. Kd3 {[%clk
0:18:26]} Rd7+ {[%clk 0:03:46]} 59. Kc2 {[%clk 0:18:49]} Rh7 {[%clk 0:03:59]} 60.
b4 {[%clk 0:18:56]} Rh2+ {[%clk 0:04:09]} 61. Kb3 {[%clk 0:19:20]} Rh1 {[%clk
0:04:08]} 62. a4 {[%clk 0:19:20]} Rb1+ {[%clk 0:04:19]} 63. Kc4 {[%clk 0:19:25]}
Rh1 {[%clk 0:04:39]} 64. Rf5 {[%clk 0:19:00]} Rh3 {[%clk 0:04:39]} 65. Rc5 {[%clk
0:18:37]} Rh6 {[%clk 0:04:28]} 66. Rd5 {[%clk 0:18:22]} Rc6+ {[%clk 0:04:27]} 67.
Kb3 {[%clk 0:18:39]} Rh6 {[%clk 0:04:47]} 68. Rd1 {[%clk 0:18:56]} Rh3 {[%clk
0:05:10]} 69. Rc1 {[%clk 0:19:16]} Rg3 {[%clk 0:05:26]} 70. b5 {[%clk 0:18:11]}
Kb6 {[%clk 0:05:43]} 71. Kb4 {[%clk 0:17:47]} Rg4+ {[%clk 0:05:54]} 72. c4 {[%clk
0:17:59]} Rg2 {[%clk 0:06:02]} 73. c5+ {[%clk 0:17:59]} Kb7 {[%clk 0:16:10]} 74.
Ka5 {[%clk 0:06:28]} Rg4 {[%clk 0:16:10]} 75. c6+ {[%clk 0:06:28]} Kc7 {[%clk
0:16:10]} 76. Rb1 {[%clk 0:06:28]} Rf4 {[%clk 0:16:10]} 77. Rb4 {[%clk 0:06:28]}
Rf5 {[%clk 0:16:10]} 78. Rd4 {[%clk 0:06:28]} Rf1 {[%clk 0:16:10]} 79. Ka6 {[%clk
0:06:28]} Kb8 {[%clk 0:16:10]} 80. Rd8+ {[%clk 0:06:28]} Kc7 {[%clk 0:16:10]} 81.
Rd7+ {[%clk 0:06:28]} Kb8 {[%clk 0:16:10]} 82. Rxa7 {[%clk 0:06:28]} Ra1 {[%clk
0:16:10]} 83. Kb6 {[%clk 0:06:28]} Ra2 {[%clk 0:16:10]} 84. c7+ {[%clk 0:06:28]}
Kc8 {[%clk 0:16:10]} 85. Ra8+ {[%clk 0:06:28]} 1-0

[Event "Campeonato España Sub 12"]
[Site "Salobreña"]
[Date "2017.07.13"]
[Round "6"]
[White "Sanmartin Hernandez, Joan"]
[Black "Tadevosyan, Aspet"]
[Result "1/2-1/2"]
[Board "7"]
[WhiteClock "1:30"]
[WhiteElo "1409"]
[WhiteCountry "ESP"]
[WhiteFideId "32082177"]
[WhiteEloChange "8"]
[BlackClock "1:30"]
[BlackElo "1786"]
[BlackCountry "ESP"]
[BlackFideId "24526134"]
[BlackEloChange "-8"]

1. d4 {[%clk 1:30:00]} Nf6 {[%clk 1:30:00]} 2. c4 {[%clk 1:30:00]} e6 {[%clk
1:31:00]} 3. Nc3 {[%clk 1:31:00]} d5 {[%clk 1:30:00]} 4. cxd5 {[%clk 1:30:00]}
exd5 {[%clk 1:30:00]} 5. Bg5 {[%clk 1:30:00]} Be7 {[%clk 1:29:00]} 6. e3 {[%clk
1:30:00]} c6 {[%clk 1:28:00]} 7. Bd3 {[%clk 1:30:00]} h6 {[%clk 1:26:00]} 8. Bh4
{[%clk 1:30:00]} Be6 {[%clk 1:25:00]} 9. Nge2 {[%clk 1:29:00]} g5 {[%clk
1:17:00]} 10. Bg3 {[%clk 1:28:00]} Nh5 {[%clk 1:17:00]} 11. Qb3 {[%clk 1:24:00]}
Qb6 {[%clk 1:14:00]} 12. Be5 {[%clk 1:23:00]} Nf6 {[%clk 1:08:00]} 13. Na4 {[%clk
1:21:00]} Qxb3 {[%clk 1:07:00]} 14. axb3 {[%clk 1:20:00]} Nbd7 {[%clk 1:07:00]}
15. Bc7 {[%clk 1:15:00]} Bb4+ {[%clk 1:02:00]} 16. Kd1 {[%clk 1:13:00]} Rc8
{[%clk 1:02:00]} 17. Bg3 {[%clk 1:13:00]} Nh5 {[%clk 1:00:00]} 18. Kc2 {[%clk
1:10:00]} Ke7 {[%clk 0:56:00]} 19. Nac3 {[%clk 1:07:00]} a6 {[%clk 0:56:00]} 20.
Na2 {[%clk 1:07:00]} Bd6 {[%clk 0:56:00]} 21. Bxd6+ {[%clk 1:07:00]} Kxd6 {[%clk
0:57:00]} 22. b4 {[%clk 1:07:00]} Ng7 {[%clk 0:56:00]} 23. Nac3 {[%clk 1:05:00]}
Bf5 {[%clk 0:53:00]} 24. Na4 {[%clk 1:04:00]} Bxd3+ {[%clk 0:51:00]} 25. Kxd3
{[%clk 1:03:00]} f5 {[%clk 0:51:00]} 26. Nc5 {[%clk 1:03:00]} Kc7 {[%clk
0:52:00]} 27. h4 {[%clk 1:02:00]} Nf6 {[%clk 0:51:00]} 28. f3 {[%clk 1:00:00]}
Rce8 {[%clk 0:47:00]} 29. hxg5 {[%clk 0:59:00]} hxg5 {[%clk 0:47:00]} 30. Rae1
{[%clk 0:56:00]} Ngh5 {[%clk 0:45:00]} 31. Nc3 {[%clk 0:53:00]} Rh7 {[%clk
0:34:00]} 32. Rh3 {[%clk 0:50:00]} Nf4+ {[%clk 0:32:00]} 33. exf4 {[%clk
0:48:00]} Rxe1 {[%clk 0:32:00]} 34. fxg5 {[%clk 0:48:00]} Rxh3 {[%clk 0:32:00]}
35. gxh3 {[%clk 0:49:00]} Nh5 {[%clk 0:30:00]} 36. Ne2 {[%clk 0:49:00]} Ng7
{[%clk 0:23:00]} 37. Kd2 {[%clk 0:47:00]} Rh1 {[%clk 0:23:00]} 38. Nf4 {[%clk
0:47:00]} Rh2+ {[%clk 0:22:00]} 39. Ke3 {[%clk 0:48:00]} Kd6 {[%clk 0:21:00]} 40.
Nxb7+ {[%clk 0:47:00]} Ke7 {[%clk 0:21:00]} 41. Nc5 {[%clk 0:47:00]} Rxb2 {[%clk
0:22:00]} 42. Kd3 {[%clk 0:47:00]} Rxb4 {[%clk 0:21:00]} 43. Nxa6 {[%clk
0:47:00]} Rb3+ {[%clk 0:21:00]} 44. Ke2 {[%clk 0:47:00]} Rb2+ {[%clk 0:20:00]}
45. Ke3 {[%clk 0:48:00]} Ne6 {[%clk 0:20:00]} 46. Nxe6 {[%clk 0:48:00]} Kxe6
{[%clk 0:20:00]} 47. Kf4 {[%clk 0:48:00]} Rd2 {[%clk 0:18:38]} 48. Nc5+ {[%clk
0:48:00]} Kf7 {[%clk 0:18:22]} 49. Kxf5 {[%clk 0:48:00]} Rxd4 {[%clk 0:18:15]}
50. g6+ {[%clk 0:49:00]} Kg8 {[%clk 0:18:02]} 51. f4 {[%clk 0:49:00]} Rd1 {[%clk
0:16:23]} 52. h4 {[%clk 0:48:00]} Rh1 {[%clk 0:15:08]} 53. Kg5 {[%clk 0:48:00]}
Rg1+ {[%clk 0:15:30]} 54. Kf6 {[%clk 0:48:00]} Rg4 {[%clk 0:15:30]} 55. h5 {[%clk
0:48:00]} Rxf4+ {[%clk 0:15:30]} 56. Kg5 {[%clk 0:48:00]} Rf1 {[%clk 0:15:30]}
57. h6 {[%clk 0:48:00]} d4 {[%clk 0:15:30]} 58. h7+ {[%clk 0:48:00]} Kh8 {[%clk
0:15:30]} 59. Kh6 {[%clk 0:48:00]} Rh1+ {[%clk 0:15:30]} 60. Kg5 {[%clk 0:48:00]}
Rh3 {[%clk 0:15:30]} 61. Kf6 {[%clk 0:48:00]} Rf3+ {[%clk 0:15:30]} 62. Ke7
{[%clk 0:48:00]} d3 {[%clk 0:15:30]} 63. Ne4 {[%clk 0:48:00]} Re3 {[%clk
0:15:30]} 64. Kf7 {[%clk 0:48:00]} Rf3+ {[%clk 0:15:30]} 65. Nf6 {[%clk 0:48:00]}
Rg3 {[%clk 0:15:30]} 66. Ne4 {[%clk 0:48:00]} Rg1 {[%clk 0:15:30]} 67. Nd2 {[%clk
0:48:00]} c5 {[%clk 0:15:30]} 68. Nf3 {[%clk 0:48:00]} Rg4 {[%clk 0:15:30]} 69.
Ne5 {[%clk 0:48:00]} Rg5 {[%clk 0:15:30]} 70. Nxd3 {[%clk 0:48:00]} c4 {[%clk
0:15:30]} 71. Ne5 {[%clk 0:48:00]} Rg1 {[%clk 0:15:30]} 72. Nxc4 {[%clk 0:48:00]}
Rg3 {[%clk 0:15:30]} 1/2-1/2

[Event "Campeonato España Sub 12"]
[Site "Salobreña"]
[Date "2017.07.13"]
[Round "6"]
[White "Karunanithi, Bharath"]
[Black "Vergara Anton, Diego"]
[Result "1/2-1/2"]
[Board "8"]
[WhiteClock "1:30"]
[WhiteElo "1457"]
[WhiteCountry "ESP"]
[WhiteFideId "24534790"]
[WhiteEloChange "5"]
[BlackClock "1:30"]
[BlackElo "1628"]
[BlackCountry "ESP"]
[BlackFideId "24524310"]
[BlackEloChange "-5"]

1. d4 {[%clk 1:30:00]} d5 {[%clk 1:30:00]} 2. c4 {[%clk 1:31:00]} e6 {[%clk
1:31:00]} 3. Nf3 {[%clk 1:31:00]} a6 {[%clk 1:31:00]} 4. Nc3 {[%clk 1:32:00]}
dxc4 {[%clk 1:31:00]} 5. a4 {[%clk 1:32:00]} Nc6 {[%clk 1:29:00]} 6. e3 {[%clk
1:31:00]} Na5 {[%clk 1:25:00]} 7. Ne5 {[%clk 1:30:00]} Nb3 {[%clk 1:23:00]} 8.
Rb1 {[%clk 1:29:00]} Nxc1 {[%clk 1:22:00]} 9. Rxc1 {[%clk 1:30:00]} Nf6 {[%clk
1:18:00]} 10. Bxc4 {[%clk 1:29:00]} Be7 {[%clk 1:15:00]} 11. O-O {[%clk 1:29:00]}
O-O {[%clk 1:15:00]} 12. Qb3 {[%clk 1:27:00]} c6 {[%clk 1:11:00]} 13. Qa2 {[%clk
1:27:00]} Nd5 {[%clk 1:10:00]} 14. Qb1 {[%clk 1:20:00]} Bf6 {[%clk 1:04:00]} 15.
Ng4 {[%clk 1:16:00]} Be7 {[%clk 1:02:00]} 16. Ne5 {[%clk 1:14:00]} Bd6 {[%clk
1:01:00]} 17. Nf3 {[%clk 1:14:00]} Re8 {[%clk 0:59:00]} 18. Ne4 {[%clk 1:13:00]}
Bf8 {[%clk 0:56:00]} 19. Qc2 {[%clk 1:01:00]} g6 {[%clk 0:51:00]} 20. Rfd1 {[%clk
0:53:00]} Bg7 {[%clk 0:50:00]} 21. Bf1 {[%clk 0:52:00]} Qe7 {[%clk 0:47:00]} 22.
g3 {[%clk 0:48:00]} Nf6 {[%clk 0:42:00]} 23. Nxf6+ {[%clk 0:47:00]} Bxf6 {[%clk
0:41:00]} 24. Bg2 {[%clk 0:47:00]} Bd7 {[%clk 0:39:00]} 25. Nd2 {[%clk 0:45:00]}
Rad8 {[%clk 0:37:00]} 26. Ne4 {[%clk 0:45:00]} Bg7 {[%clk 0:37:00]} 27. Qc5
{[%clk 0:45:00]} Qxc5 {[%clk 0:36:00]} 28. Rxc5 {[%clk 0:45:00]} Bc8 {[%clk
0:34:00]} 29. b4 {[%clk 0:44:00]} e5 {[%clk 0:32:00]} 30. d5 {[%clk 0:43:00]}
cxd5 {[%clk 0:31:00]} 31. Rdxd5 {[%clk 0:43:00]} b6 {[%clk 0:30:00]} 32. Rxd8
{[%clk 0:39:00]} Rxd8 {[%clk 0:30:00]} 33. Rc1 {[%clk 0:39:00]} f5 {[%clk
0:29:00]} 34. Nc3 {[%clk 0:39:00]} e4 {[%clk 0:28:00]} 35. Nd5 {[%clk 0:36:00]}
Rxd5 {[%clk 0:26:00]} 36. Rxc8+ {[%clk 0:37:00]} Bf8 {[%clk 0:24:00]} 37. Bf1
{[%clk 0:37:00]} Kg7 {[%clk 0:23:00]} 38. Rc7+ {[%clk 0:32:00]} Kh6 {[%clk
0:21:00]} 39. Rb7 {[%clk 0:19:37]} Bxb4 {[%clk 0:19:30]} 40. Bxa6 {[%clk
0:19:39]} Ba5 {[%clk 0:18:02]} 41. h4 {[%clk 0:18:32]} Rc5 {[%clk 0:17:18]} 42.
Bb5 {[%clk 0:18:09]} Rc1+ {[%clk 0:17:12]} 43. Kg2 {[%clk 0:18:14]} Rc8 {[%clk
0:16:41]} 44. Re7 {[%clk 0:16:55]} Rd8 {[%clk 0:16:06]} 45. g4 {[%clk 0:17:01]}
fxg4 {[%clk 0:16:04]} 46. Kg3 {[%clk 0:17:08]} Rf8 {[%clk 0:15:27]} 47. Rxe4
{[%clk 0:17:18]} Be1 {[%clk 0:14:05]} 48. Rf4 {[%clk 0:17:33]} Rxf4 {[%clk
0:14:05]} 49. exf4 {[%clk 0:18:00]} Kg7 {[%clk 0:14:05]} 50. Bd7 {[%clk 0:15:59]}
h5 {[%clk 0:14:24]} 51. Kg2 {[%clk 0:16:14]} Kf6 {[%clk 0:14:22]} 52. Kf1 {[%clk
0:16:26]} Bd2 {[%clk 0:14:41]} 53. Kg2 {[%clk 0:14:30]} Bxf4 {[%clk 0:14:53]} 54.
Bb5 {[%clk 0:13:30]} g5 {[%clk 0:14:43]} 55. Be8 {[%clk 0:10:56]} gxh4 {[%clk
0:14:48]} 56. Bxh5 {[%clk 0:11:24]} Kg5 {[%clk 0:14:59]} 57. Be8 {[%clk 0:11:23]}
h3+ {[%clk 0:14:56]} 58. Kg1 {[%clk 0:14:06]} Kh4 {[%clk 0:11:19]} 59. Kh1 {[%clk
0:14:06]} Be5 {[%clk 0:11:19]} 60. Kg1 {[%clk 0:14:06]} Bd4 {[%clk 0:11:19]} 61.
Kf1 {[%clk 0:14:06]} Kg5 {[%clk 0:11:19]} 62. Bc6 {[%clk 0:14:06]} Kf4 {[%clk
0:11:19]} 63. Bb7 {[%clk 0:14:06]} Bf6 {[%clk 0:11:19]} 64. Kg1 {[%clk 0:14:06]}
Bd4 {[%clk 0:11:19]} 65. Kf1 {[%clk 0:14:06]} Bc3 {[%clk 0:11:19]} 66. Kg1 {[%clk
0:14:06]} Kg5 {[%clk 0:11:19]} 67. Kf1 {[%clk 0:14:06]} Kh4 {[%clk 0:11:19]} 68.
Kg1 {[%clk 0:14:06]} Be5 {[%clk 0:11:19]} 69. Bc6 {[%clk 0:14:06]} Bd4 {[%clk
0:11:19]} 70. Kf1 {[%clk 0:14:06]} h2 {[%clk 0:11:19]} 71. Kg2 {[%clk 0:14:06]}
Be5 {[%clk 0:11:19]} 72. Bb7 {[%clk 0:14:06]} Bd4 {[%clk 0:11:19]} 73. Bc6 {[%clk
0:14:06]} h1Q+ {[%clk 0:11:19]} 74. Kxh1 {[%clk 0:14:06]} Bxf2 {[%clk 0:11:19]}
75. Kg2 {[%clk 0:14:06]} g3 {[%clk 0:11:19]} 76. Bb5 {[%clk 0:14:06]} Kg4 {[%clk
0:11:19]} 77. Bc6 {[%clk 0:14:06]} Kf4 {[%clk 0:11:19]} 78. Bb5 {[%clk 0:14:06]}
Ke3 {[%clk 0:11:19]} 79. Bc6 {[%clk 0:14:06]} Kd4 {[%clk 0:11:19]} 80. Bb5 {[%clk
0:14:06]} Kc5 {[%clk 0:11:19]} 81. Bd7 {[%clk 0:14:06]} 1/2-1/2